|
|
|
|
| LEADER |
00000cam a22000004a 4500 |
| 001 |
musev2_1273 |
| 003 |
MdBmJHUP |
| 005 |
20230905040209.0 |
| 006 |
m o d |
| 007 |
cr||||||||nn|n |
| 008 |
100111s2010 utu o 00 0 eng d |
| 010 |
|
|
|z 2010000770
|
| 020 |
|
|
|a 9780874217728
|
| 020 |
|
|
|z 9780874217629
|
| 020 |
|
|
|z 9780874217711
|
| 035 |
|
|
|a (OCoLC)639015304
|
| 040 |
|
|
|a MdBmJHUP
|c MdBmJHUP
|
| 050 |
0 |
4 |
|a PE1404
|b .H37 2010
|
| 082 |
0 |
|
|a 808/.0420711
|2 22
|
| 100 |
1 |
|
|a Haswell, Janis Tedesco.
|
| 245 |
1 |
0 |
|a Authoring :
|b An Essay for the English Profession on Potentiality and Singularity /
|c Janis Haswell, Richard Haswell.
|
| 264 |
|
1 |
|a Logan :
|b Utah State University Press,
|c 2010.
|
| 264 |
|
3 |
|a Baltimore, Md. :
|b Project MUSE,
|c 2012
|
| 264 |
|
4 |
|c ©2010.
|
| 300 |
|
|
|a 1 online resource (290 pages):
|b ill., photographs ;
|
| 336 |
|
|
|a text
|b txt
|2 rdacontent
|
| 337 |
|
|
|a computer
|b c
|2 rdamedia
|
| 338 |
|
|
|a online resource
|b cr
|2 rdacarrier
|
| 504 |
|
|
|a Includes bibliographical references (p. [263]-273) and index.
|
| 505 |
0 |
|
|a Authoring accepted: interchapter: potentiality and Alice Sheldon -- Potentiality and the teaching of English -- Potentiality and gendership -- Potentiality, gendership, and teacher response -- Potentiality, gendership, teacher response, and student voices -- Potentiality, reading, and George Yeats -- Potentiality, life-course, academic course, and unpredictability, interchapter: singularity and Alice Sheldon -- Singularity and the teaching of English -- Singularity and narrative: character, recentering -- Singular authorial offerings: lifestories, literacy narratives, and The Shatterbelt -- Singularity, feminism, and the politics of difference and identity -- Singularity, self-loss, and radical postmodernism -- Singularity and diagnostics: disposements, interpretations, and lames -- Interchapter: authoring and Alice Sheldon -- Authoring neglected -- Envoi: hospitality and Alice Sheldon.
|
| 588 |
|
|
|a Description based on print version record.
|
| 650 |
|
0 |
|a College prose
|x Evaluation.
|
| 650 |
|
0 |
|a English language
|x Study and teaching (Higher)
|
| 650 |
|
0 |
|a Report writing
|x Study and teaching (Higher)
|
| 650 |
|
0 |
|a English language
|x Rhetoric
|x Study and teaching (Higher)
|
| 655 |
|
7 |
|a Electronic books.
|2 local
|
| 700 |
1 |
|
|a Haswell, Richard H.
|
| 710 |
2 |
|
|a Project Muse.
|e distributor
|
| 830 |
|
0 |
|a Book collections on Project MUSE.
|
| 856 |
4 |
0 |
|z Texto completo
|u https://projectmuse.uam.elogim.com/book/1273/
|
| 945 |
|
|
|a Project MUSE - Custom Collection
|
| 945 |
|
|
|a Project MUSE - 2010 Higher Education
|
| 945 |
|
|
|a Project MUSE - 2010 Complete
|